000 00586cam a22002171 4500
001 af 48002095
003 DLC
005 20260227110853.0
008 890524s1942 gw 000 0 ger c
010 _aaf 48002095
035 _a(OCoLC)19759760
040 _aYale Univ. Library
_cCU
_dDLC
042 _apremarc
050 0 0 _aPT2635.I67
_bS35
100 1 _aRingeling, Gerhard,
_d1887-1951.
245 1 4 _aDie schlimme Brigitt;
_bErzählung.
250 _a[Feldausgabe]
260 _aGütersloh,
_bC. Bertelsmann
_c[1942]
300 _a64 p.
_c18 cm.
440 0 _aKleine Feldpost-Reihe
999 _c4862
_d4862